000 00426nam a2200157Ia 4500
008 230312s9999||||xx |||||||||||||| ||und||
020 _a0393026493
082 _a303.4834
_bPEN-I
100 _aPenzias Arno
245 0 _aIdeas and information
260 _bW. W. Norton & Co.
_aNew York
_c1989
300 _a214
546 _aEng.
650 _aManagement
_vInformation processig, modern techology, human element
942 _cBK
999 _c2428
_d2428